Ως εις καθρέπτην ... : προτάσεις και υποθέσεις για την ελληνική πεζογραφία του 19ου αιώνα

Αποθηκεύτηκε σε:
Λεπτομέρειες βιβλιογραφικής εγγραφής
Κύριος συγγραφέας: Βουτουρής, Παντελής, 1956-
Μορφή: Βιβλίο
Γλώσσα:Greek
Δημοσίευση: Αθήνα : Νεφέλη, 1995.
Θέματα:
Ετικέτες: Προσθήκη ετικέτας
Δεν υπάρχουν, Καταχωρήστε ετικέτα πρώτοι!

MARC

LEADER 00000cam a2200000 a 4500
001 1/109203
008 151022s1995####gr | ||| |||| ||gre||
020 |a 9602112255 
040 |a GR-MyUa  |b gre  |c GR-MyUa  |e AACR2 
041 0 |a gre 
082 7 |a 889.2   |2 (23) 
100 1 |a Βουτουρής, Παντελής,   |d 1956- 
245 1 0 |a Ως εις καθρέπτην ... :   |b προτάσεις και υποθέσεις για την ελληνική πεζογραφία του 19ου αιώνα /   |c Παντελής Βουτουρής.  
260 |a Αθήνα :   |b Νεφέλη,   |c 1995.  
300 |a 293 σ. ;   |c 21 εκ.  
504 |a Περιλαμβάνει ευρετήριο. 
650 0 |a Greek literature, Modern  |y 19th century  |x History and criticism. 
650 0 |a Greek prose literature, Modern  |y 19th century  |x History and criticism. 
852 |a INST  |b RHODES  |e 20151022  |h 889.2 ΒΟΥ  |p 005400038079  |q 005400038079  |t BK  |y 0 
970 |z 22-10-2015